|
|
|
|
| LEADER |
00000nab a2200000 a 4500 |
| 001 |
vtls000445382 |
| 003 |
SK-MaSNL |
| 005 |
20260304080601.0 |
| 008 |
250424c1992 xo 0 slo |
| 015 |
|
|
|a SNBRB19rr/mm-uuuuu
|
| 035 |
|
|
|a CL0445512
|
| 035 |
|
|
|a urn:nbn:sk:snk-ab6lho
|
| 035 |
|
|
|a (uuid)e0c88582-fa62-4598-9b4e-5b995980b0fd
|
| 035 |
|
|
|a (urnnbn)urn:nbn:sk:snk:ar-005geo
|
| 035 |
|
|
|a (sysno)vtls000445382
|
| 040 |
|
|
|a SNKBUCL
|b slo
|c SNKBUCL
|e AACR2
|
| 041 |
0 |
|
|a slo
|
| 044 |
|
|
|a xo
|c SK
|
| 080 |
|
|
|a 616.981.49-036.22
|2 1981
|
| 100 |
1 |
|
|a Hlaváčová, B.
|4 aut
|9 1368082
|
| 245 |
1 |
0 |
|a Epidémia a salmonelózy v okrese Topoľčany
|c B. Hlaváčová, T. Rakovský
|
| 300 |
|
|
|b Tb. 1.
|
| 650 |
0 |
7 |
|a salmonelóza
|2 snkbucl
|9 13942
|
| 651 |
|
7 |
|a Topoľčany (Slovensko : okres)
|2 snkbucl
|9 159758
|
| 655 |
|
7 |
|a články z novín a časopisov
|2 snkbucl
|9 267496
|
| 700 |
1 |
|
|a Rakovský, T.
|4 aut
|9 269264
|
| 773 |
0 |
|
|t Lekársky obzor
|g Roč. 41, č. 2 (1992), s. 83-84
|
| 850 |
|
|
|a Slovenská národná knižnica
|
| 852 |
|
|
|a Slovenská národná knižnica
|
| 954 |
|
|
|a odborná, vedecká literatúra pôvodná (slovenská)
|2 lita
|
| 958 |
|
|
|a article2022
|
| 958 |
|
|
|a OND
|
| 958 |
|
|
|a RK
|
| 958 |
|
|
|a MI
|
| 958 |
|
|
|a EUIPO
|
| 992 |
|
|
|a RBX
|
| 999 |
|
|
|c 2787215
|d 2789145
|